<?xml version="1.0" encoding="UTF-8"?>
<record
    xmlns:xsi="http://www.w3.org/2001/XMLSchema-instance"
    xsi:schemaLocation="http://www.loc.gov/MARC21/slim http://www.loc.gov/standards/marcxml/schema/MARC21slim.xsd"
    xmlns="http://www.loc.gov/MARC21/slim">

  <leader>01078nam a22002537a 4500</leader>
  <controlfield tag="003">Uzh_bibl</controlfield>
  <controlfield tag="008">260414b        |||||||| |||| 00| 0 ukr d</controlfield>
  <datafield tag="020" ind1=" " ind2=" ">
    <subfield code="a">978-966--2089-49-3</subfield>
    <subfield code="c">15.00</subfield>
  </datafield>
  <datafield tag="040" ind1=" " ind2=" ">
    <subfield code="b">&#x443;&#x43A;&#x440;.</subfield>
  </datafield>
  <datafield tag="041" ind1=" " ind2=" ">
    <subfield code="2">ukr</subfield>
    <subfield code="a">ukr</subfield>
  </datafield>
  <datafield tag="080" ind1=" " ind2=" ">
    <subfield code="a">2</subfield>
  </datafield>
  <datafield tag="090" ind1=" " ind2=" ">
    <subfield code="a">2</subfield>
    <subfield code="b">&#x422;30</subfield>
  </datafield>
  <datafield tag="100" ind1=" " ind2=" ">
    <subfield code="a">&#x422;&#x435;&#x439;&#x43B;&#x43E;&#x440;, &#x41A;&#x435;&#x43D;&#x43D;&#x435;&#x442;</subfield>
  </datafield>
  <datafield tag="245" ind1=" " ind2=" ">
    <subfield code="a">&#x411;&#x435;&#x437;&#x43B;&#x456;&#x447; &#x446;&#x456;&#x43A;&#x430;&#x432;&#x43E;&#x433;&#x43E; &#x434;&#x43B;&#x44F; &#x434;&#x456;&#x442;&#x435;&#x439; &#x446;&#x430;&#x440;&#x44F;</subfield>
    <subfield code="c">&#x41F;&#x435;&#x440;.&#x412;.&#x41D;&#x43E;&#x432;&#x43E;&#x43C;&#x438;&#x440;&#x43E;&#x432;&#x43E;&#x457;</subfield>
    <subfield code="h">&#x422;&#x435;&#x43A;&#x441;&#x442;</subfield>
  </datafield>
  <datafield tag="260" ind1=" " ind2=" ">
    <subfield code="a">&#x41A;&#x438;&#x457;&#x432;</subfield>
    <subfield code="b">"&#x421;&#x432;&#x456;&#x442;&#x43B;&#x43E; &#x43D;&#x430; &#x421;&#x445;&#x43E;&#x434;&#x456;"</subfield>
    <subfield code="c">2010</subfield>
  </datafield>
  <datafield tag="300" ind1=" " ind2=" ">
    <subfield code="a">112 &#x441;.</subfield>
    <subfield code="f">&#x412; &#x43E;&#x43F;&#x440;.</subfield>
  </datafield>
  <datafield tag="520" ind1=" " ind2=" ">
    <subfield code="a">&#x423;&#x43D;&#x435;&#x43B;&#x435;&#x433;&#x43A;&#x456;&#x439; &#x442;&#x430; &#x434;&#x43E;&#x441;&#x43F;&#x443;&#x43F;&#x43D;&#x456;&#x439; &#x444;&#x43E;&#x440;&#x43C;&#x456; &#x43A;&#x43D;&#x438;&#x433;&#x430; &#x437;&#x43D;&#x430;&#x439;&#x43E;&#x43C;&#x438;&#x442;&#x44C; &#x434;&#x456;&#x442;&#x435;&#x439;&#x439; &#x457;&#x437; &#x433;&#x43E;&#x43B;&#x43E;&#x432;&#x43D;&#x438;&#x43C;&#x438; &#x437;&#x430;&#x441;&#x430;&#x434;&#x430;&#x43C;&#x438; &#x445;&#x440;&#x438;&#x441;&#x442;&#x438;&#x44F;&#x43D;&#x441;&#x44C;&#x43A;&#x43E;&#x457; &#x432;&#x456;&#x440;&#x438;.</subfield>
  </datafield>
  <datafield tag="521" ind1=" " ind2=" ">
    <subfield code="a">&#x414;&#x43B;&#x44F; &#x448;&#x438;&#x440;&#x43E;&#x43A;&#x43E;&#x433;&#x43E; &#x43A;&#x43E;&#x43B;&#x430; &#x447;&#x438;&#x442;&#x430;&#x447;&#x456;&#x432;</subfield>
  </datafield>
  <datafield tag="546" ind1=" " ind2=" ">
    <subfield code="a">&#x443;&#x43A;&#x440;.</subfield>
  </datafield>
  <datafield tag="650" ind1=" " ind2=" ">
    <subfield code="a">&#x420;&#x435;&#x43B;&#x456;&#x433;&#x456;&#x439;&#x43D;&#x435; &#x432;&#x438;&#x434;&#x430;&#x43D;&#x43D;&#x44F;</subfield>
  </datafield>
  <datafield tag="653" ind1=" " ind2=" ">
    <subfield code="a">&#x406;&#x441;&#x43D;&#x443;&#x454; &#x442;&#x456;&#x43B;&#x44C;&#x43A;&#x438; &#x43E;&#x434;&#x438;&#x43D; &#x411;&#x43E;&#x433;</subfield>
    <subfield code="a">&#x417;&#x432;&#x456;&#x434;&#x43A;&#x438; &#x43F;&#x43E;&#x445;&#x43E;&#x434;&#x438;&#x442;&#x44C; &#x411;&#x43E;&#x433;</subfield>
    <subfield code="a">&#x41D;&#x430;&#x432;&#x456;&#x449;&#x43E; &#x411;&#x43E;&#x433; &#x441;&#x442;&#x432;&#x43E;&#x440;&#x438;&#x432; &#x43B;&#x44E;&#x434;&#x438;&#x43D;&#x443;</subfield>
  </datafield>
  <datafield tag="655" ind1=" " ind2=" ">
    <subfield code="a">&#x420;&#x435;&#x43B;&#x456;&#x433;&#x456;&#x439;&#x43D;&#x430; &#x43B;&#x456;&#x442;&#x435;&#x440;&#x430;&#x442;&#x443;&#x440;&#x430;</subfield>
    <subfield code="v">-</subfield>
  </datafield>
  <datafield tag="942" ind1=" " ind2=" ">
    <subfield code="2">udc</subfield>
    <subfield code="c">BK</subfield>
  </datafield>
  <datafield tag="999" ind1=" " ind2=" ">
    <subfield code="c">17320</subfield>
    <subfield code="d">17320</subfield>
  </datafield>
  <datafield tag="952" ind1=" " ind2=" ">
    <subfield code="0">0</subfield>
    <subfield code="1">0</subfield>
    <subfield code="2">udc</subfield>
    <subfield code="4">0</subfield>
    <subfield code="7">0</subfield>
    <subfield code="a">F2</subfield>
    <subfield code="b">F2</subfield>
    <subfield code="c">ABS</subfield>
    <subfield code="d">2026-04-14</subfield>
    <subfield code="i">59902</subfield>
    <subfield code="l">0</subfield>
    <subfield code="o">2</subfield>
    <subfield code="p">19713</subfield>
    <subfield code="r">2026-04-14</subfield>
    <subfield code="w">2026-04-14</subfield>
    <subfield code="y">BK</subfield>
  </datafield>
</record>
